000
00192nam a22000857a 4500
008
161125b xxu||||| |||| 00| 0 eng d
100
_9
1421
_a
TCRS
245
_a
Numbers-1-2
260
_a
USA
_b
TCR
_c
2011
999
_c
4139
_d
4139